000 00464nam a2200145Ia 4500
008 151213s9999 xx 000 0 und d
100 _aDonald j. Foss & David T.Hakes
245 _aPsgeho Linguistics
_cDonald j. Foss & David T.Hakes
260 _aPrintic Hall Inic New Zercy
_bEnglewood Cliffs . New Zercy 07632
300 _a3580 p.
650 _aEnglish Literature
650 _aEnglish Literature
700 _aDonald j. Foss & David T.Hakes
999 _c2383
_d2383